[Event "Wch U12"]
[Site "Batumi"]
[Date "2022.09.17"]
[Round "2"]
[White "Besou, Hussain"]
[Black "Isbatov, Kanan"]
[Result "1-0"]
[WhiteElo "2119"]
[BlackElo "1437"]
[PlyCount "57"]
[EventDate "2022.09.16"]
[EventType "swiss"]
[EventRounds "11"]
[EventCountry "GEO"]
[SourceTitle "EXT 2023"]
[Source "ChessBase"]
[SourceDate "2022.10.05"]
[SourceVersion "1"]
[SourceVersionDate "2022.10.05"]
[SourceQuality "1"]

1. e4 c5 2. Nf3 d6 3. d4 cxd4 4. Nxd4 Nf6 5. Nc3 a6 6. Bg5 e6 7. f4 Be7 8. Qf3 Nbd7 9. 0-0-0 Qc7 10. g4 b5 11. Bxf6 Nxf6 12. g5 Nd7 13. f5 Bxg5+ 14. Kb1 Ne5 15. Qh5 Qe7 16. fxe6 g6 17. exf7+ Kxf7 18. Qe2 Bg4 19. Qf2+ Kg7 20. Be2 Rhf8 21. Qg2 Bxe2 22. Qxe2 Nc4 23. Nd5 Qe5 24. b3 Na3+ 25. Kb2 b4 26. Nxb4 Nb5 27. Nbc6 Qc5 28. Ne6+ Kh8 29. Nxc5 1-0

[Event "EU-ch Hybrid U12"]
[Site "Tornelo INT"]
[Date "2021.10.15"]
[Round "6"]
[White "Grabs, Peter"]
[Black "Isbatov, Kanan"]
[Result "1/2-1/2"]
[WhiteElo "1630"]
[BlackElo "1399"]
[PlyCount "84"]
[EventDate "2021.10.15"]
[EventType "swiss"]
[EventRounds "9"]
[EventCountry "NET"]
[SourceTitle "EXT 2023"]
[Source "ChessBase"]
[SourceDate "2022.10.05"]
[SourceVersion "1"]
[SourceVersionDate "2022.10.05"]
[SourceQuality "1"]
[WhiteTeam "Germany"]
[BlackTeam "Azerbaijan"]
[WhiteTeamCountry "GER"]
[BlackTeamCountry "AZE"]

1. e4 e6 2. d4 d5 3. exd5 exd5 4. Bd3 Nc6 5. c3 Bd6 6. Qf3 Be6 7. Ne2 Qd7 8. h3 Nge7 9. Bf4 Bxf4 10. Nxf4 0-0-0 11. Nd2 g5 12. Nxe6 fxe6 13. 0-0-0 e5 14. dxe5 Nxe5 15. Qe3 Nxd3+ 16. Qxd3 Nc6 17. Nf3 Rhg8 18. Rhe1 h5 19. Ne5 Nxe5 20. Rxe5 c6 21. Qe3 Kb8 22. Rxg5 Rxg5 23. Qxg5 Rf8 24. Re1 Re8 25. Rxe8+ Qxe8 26. Qe3 Qf7 27. g3 a6 28. Qe5+ Ka8 29. f4 Qg8 30. f5 d4 31. cxd4 Qc4+ 32. Kd2 Qxa2 33. Kc3 Qb1 34. f6 Qc1+ 35. Kb3 Qd1+ 36. Kb4 Qc2 37. f7 Qxb2+ 38. Kc5 Qa3+ 39. Kb6 Qb3+ 40. Kc7 Qxf7+ 41. Kb6 Qb3+ 42. Kc7 Qf7+ 1/2-1/2

[Event "EU-ch Hybrid U12"]
[Site "Tornelo INT"]
[Date "2021.10.15"]
[Round "7"]
[White "Isbatov, Kanan"]
[Black "Anghelescu, Teodor Stefan"]
[Result "1-0"]
[WhiteElo "1399"]
[BlackElo "1713"]
[PlyCount "87"]
[EventDate "2021.10.15"]
[EventType "swiss"]
[EventRounds "9"]
[EventCountry "NET"]
[SourceTitle "EXT 2023"]
[Source "ChessBase"]
[SourceDate "2022.10.05"]
[SourceVersion "1"]
[SourceVersionDate "2022.10.05"]
[SourceQuality "1"]
[WhiteTeam "Azerbaijan"]
[BlackTeam "Romania"]
[WhiteTeamCountry "AZE"]
[BlackTeamCountry "ROU"]

1. Nf3 d5 2. d4 Nf6 3. g3 Bf5 4. Bg2 e6 5. 0-0 Be7 6. c4 c6 7. Nc3 Nbd7 8. c5 b6 9. b4 bxc5 10. bxc5 h6 11. Qa4 Qc7 12. Bf4 Qc8 13. h4 Nh5 14. Bd2 0-0 15. a3 Qc7 16. Rae1 e5 17. e4 dxe4 18. Nxe4 Bxe4 19. Ba5 Bc2 20. Qxc2 Qxa5 21. Qf5 Ndf6 22. Nxe5 Rac8 23. Nxc6 Rxc6 24. Bxc6 g6 25. Qe5 Bd8 26. Qe3 Kg7 27. d5 Qc7 28. Qf3 Qc8 29. d6 Ng4 30. Bb7 Qxc5 31. Qxg4 Qxd6 32. Qf3 Bb6 33. Kg2 Qc7 34. Re2 f5 35. Rfe1 Rf7 36. Bd5 Rd7 37. Be6 Re7 38. Bxf5 Rf7 39. Qg4 Qd6 40. Be4 Bc7 41. Rc1 Rf4 42. Qxg6+ Qxg6 43. Bxg6 Kxg6 44. Rxc7 1-0